00865nam a22001457a 4500008004100000020001500041050001200056100002400068245004900092250001200141260004800153300003100201500005100232505043600283111011t xxu||||| |||| 00| 0 eng d a1561343773 aDT1.R14 aRamsay, J. Jeffress aAfrica: Global studies /cF. Jeffress Ramsay a6th ed. aGuilford:bDushkin Publishing Group,c1995. axii, 276 p.:bill.,c28cm. aIncludes bibliographical references and index. aContents: Africa: The Struggle for development -- North Africa: The crossroads of the continent -- West Africaa: Seeking unity in diversity -- Central Africa: Possibilities for cooperation -- East Africa: A mixed inheritance -- Southern Africa: The Continuing struggle for self-determination -- Annotated table of contents -- Topic guide to articles -- Articles from the world press -- Glossary -- Sources of statistical summaries.